MARC

LEADER 00000nam0a2200000 4500
001 291096
005 20231102000343.0
020 |a RU  |b 83-87795 
035 |a (RuTPU)RU\TPU\book\315658 
090 |a 291096 
100 |a 20150410d1983 km y0rusy5003 ca 
101 0 |a rus 
102 |a RU 
105 |a y z 000zy 
200 1 |a Введение в теорию и методологию системы оптимального функционирования социалистической экономики  |f Академия наук СССР (АН СССР), Центральный экономико-математический институт (ЦЭМИ) ; под ред. Н. П. Федоренко, Ю. В. Овсиенко 
210 |a Москва  |c Наука  |d 1983 
215 |a 367 с. 
225 1 |a Вопросы оптимального планирования и управления социалистической экономикой 
300 |a Авт. указаны на 18-й с. 
606 1 |a Оптимальное планирование  |2 stltpush  |3 (RuTPU)RU\TPU\subj\36560  |9 57893 
610 1 |a экономический оптимум 
610 1 |a математические методы 
610 1 |a теория 
610 1 |a методология 
610 1 |a социалистическая экономика 
610 1 |a экономические законы 
610 1 |a системный подход 
610 1 |a общественная полезность 
610 1 |a социально-экономическая политика 
610 1 |a системное моделирование 
610 1 |a плановое руководство 
686 |a У9(2)230.37  |2 rubbk 
702 1 |a Федоренко  |b Н. П.  |g Николай Прокофьевич  |4 340 
702 1 |a Овсиенко  |b Ю. В.  |4 340 
712 0 2 |a Академия наук СССР (АН СССР)  |b Центральный экономико-математический институт (ЦЭМИ)  |c (Москва)  |2 stltpush  |3 (RuTPU)RU\TPU\col\11797 
801 0 |a RU  |b RuMRKP  |c 19950704  |g psbo 
801 1 |a RU  |b 63413507  |c 20150410 
801 2 |a RU  |b 63413507  |c 20190110  |g RCR 
942 |c BK